[Event "Foment op"]
[Site "Foment"]
[Date "1995.??.??"]
[Round "4"]
[White "Boix Moreno, Daniel"]
[Black "Fernandez, Juan Luis"]
[Result "0-1"]
[WhiteElo "2215"]
[BlackElo "2305"]

1.e4 c5 2.Nf3 a6 3.Nc3 e6 4.d4 cxd4 5.Nxd4 Qc7 6.Be2 Nc6 7.O-O Nxd4 8.Qxd4 Ne7
9.Be3 Nc6 10.Qd2 b5 11.f4 Bb7 12.Bf3 Be7 13.Qf2 Rc8 14.a4 b4 15.Ne2 O-O 16.Rad1 d6
17.Bb6 Qb8 18.Rd2 Qa8 19.Rfd1 Nb8 20.Ng3 Nd7 21.Bd4 Rfe8 22.Kh1 Bf8 23.Re1 Nc5
24.Nh5 e5 25.fxe5 dxe5 26.Bxc5 Rxc5 27.Rd7 Bc8 28.Rd3 Qc6 29.Bd1 Qh6 30.Rf1 Rc7
31.Rf3 Kh8 32.c3 bxc3 33.bxc3 Be6 34.Qb6 Rec8 35.Qxa6 g6 36.Nf6 Bc4 37.Qa5 Rc5
38.Qa7 Bxf1 39.Rh3 Bxg2+ 40.Kxg2 Qd2+  0-1

[Event "FRA-chT"]
[Site "FRA"]
[Date "1995.??.??"]
[Round "?"]
[White "Lamoureux, Charles"]
[Black "Heurtebize, Olivier"]
[Result "1/2-1/2"]
[WhiteElo "2395"]
[BlackElo "2205"]

1.e4 c5 2.Nf3 e6 3.d4 cxd4 4.Nxd4 a6 5.Nc3 Qc7 6.Be2 Nf6 7.O-O Nc6 8.Be3 b5
9.a3 Bb7 10.f4 Bc5 11.b4 Bxd4 12.Bxd4 Nxd4 13.Qxd4 Rc8 14.Rf3 O-O 15.Rg3 Ne8
16.e5 g6 17.Rd1 Ng7 18.Bg4 Rfd8 19.Rd2 Ne8 20.f5 exf5 21.Bxf5 Ng7 22.Be4 Bxe4
23.Qxe4 Re8  1/2-1/2

[Event "FRA-chT"]
[Site "FRA"]
[Date "1995.??.??"]
[Round "?"]
[White "Boudre, Jean Pierre"]
[Black "Anka, Emil"]
[Result "1-0"]
[WhiteElo "2390"]
[BlackElo "2410"]

1.e4 c5 2.Nf3 e6 3.Nc3 a6 4.d4 cxd4 5.Nxd4 d6 6.Bd3 Nc6 7.Nxc6 bxc6 8.O-O e5
9.f4 exf4 10.Bxf4 Be6 11.e5 d5 12.Ne2 Bc5+ 13.Kh1 Ne7 14.c3 Qd7 15.Nd4 O-O
16.Be3 Ba7 17.Qh5 Ng6 18.Nxe6 Qxe6 19.Bf5 Qe7 20.Bg5 Qxe5 21.Rae1 Qb8 22.Rf3 Re8
23.Ref1 Qe5 24.Rh3 h6 25.Bxh6 Qe1 26.Rf3 Bf2 27.Bd3 Qe5 28.Bg5 Bh4 29.Bxg6 Bxg5
30.Qh7+  1-0

[Event "Frydek-Mistek op"]
[Site "Frydek-Mistek"]
[Date "1995.??.??"]
[Round "?"]
[White "Pinkas, Karol"]
[Black "Svobodova, Michaela"]
[Result "0-1"]
[WhiteElo "2370"]
[BlackElo "2120"]

1.e4 c5 2.Nf3 e6 3.d4 cxd4 4.Nxd4 a6 5.Nc3 b5 6.g3 b4 7.Nce2 Bb7 8.Bg2 Nf6
9.f3 Bc5 10.Be3 Qb6 11.Bg1 O-O 12.c3 Nc6 13.cxb4 Qxb4+ 14.Qd2 e5 15.Nxc6 Bxc6
16.Bxc5 Qxc5 17.Rc1 Qb6 18.g4 d5 19.g5 Nh5 20.exd5 Bb7 21.Rc3 Rad8 22.Rb3 Qa7
23.d6 Nf4 24.Nxf4 exf4 25.Bh3 Rfe8+ 26.Kf1 a5 27.d7 Ba6+ 28.Kg2 Re2+ 29.Qxe2 Bxe2
30.Re1 Qa6 31.Rc3 f5 32.Bxf5 Kf7 33.Rc8 Rxd7 34.Bxd7 Bxf3+ 35.Kxf3 Qd3+ 36.Kxf4 Qxd7
37.Rc2 Qa4+ 38.Ke3 Qxc2 39.Re2 Qc5+ 40.Kd3 Qb5+ 41.Ke3 Qxg5+ 42.Kd4 Qf4+  0-1

[Event "Frydek-Mistek op"]
[Site "Frydek-Mistek"]
[Date "1995.??.??"]
[Round "?"]
[White "Komora, Andrej"]
[Black "Berezjuk, Sergej"]
[Result "1/2-1/2"]
[WhiteElo "2095"]
[BlackElo "2395"]

1.e4 c5 2.Nf3 e6 3.d4 cxd4 4.Nxd4 a6 5.Nc3 b5 6.a3 Bb7 7.Bd3 d6 8.O-O Nf6
9.f4 Be7 10.Be3 Nbd7 11.Nb3 O-O 12.g4 d5 13.e5 Ne4 14.Qf3 Ndc5 15.Nxc5 Nxc5
16.Bd4 Nxd3 17.Qxd3 f5 18.g5 Qd7 19.b4 a5 20.Na2 axb4 21.Nxb4 Ra4 22.Rab1 Rfa8
23.Rb3 Qe8 24.Rf3 Bc8 25.Qe3 Qf8 26.Qc3 Bd7 27.Qb2 Qe8 28.Rh3 Rc8 29.c3 Rca8
30.Qc1 Qc8 31.Qb2 Qc4 32.Kf2 Be8 33.Ke1 Qc7 34.Kd1 Qa5 35.Nc2 Bxa3 36.Nxa3 Rxa3
37.Rxa3 Qxa3 38.Qxa3 Rxa3 39.Kc2 b4 40.Re3 Ra2+ 41.Kb3 Rxh2 42.Kxb4 Rf2 43.Kc5 Rxf4
44.Kd6 Kf7 45.Re1 Rg4 46.Ra1 Rxg5 47.Ra7+ Kg6 48.Kxe6 f4 49.Ra8 Bb5 50.Kxd5 Bd3
51.Rf8 Rf5 52.Rxf5 Kxf5 53.e6 g5 54.e7 Bb5 55.c4 Be8 56.c5 Kg6 57.c6 Kf7
58.Kd6 Bxc6 59.Kxc6 Kxe7 60.Kd5 h5 61.Ke4 h4 62.Kf3 h3 63.Bg1 Kf6  1/2-1/2

[Event "OL-SW 9596"]
[Site "GER"]
[Date "1995.??.??"]
[Round "?"]
[White "Srokowski, Jaroslav"]
[Black "Forintos, Gyozo V"]
[Result "1/2-1/2"]
[WhiteElo "2425"]
[BlackElo "2485"]

1.e4 c5 2.Nf3 e6 3.d4 cxd4 4.Nxd4 a6 5.Nc3 Qc7 6.a3 Nc6 7.Be3 Nf6 8.f4 d6
9.Be2 Be7 10.O-O O-O 11.Qe1 Nxd4 12.Bxd4 e5 13.fxe5 dxe5 14.Qg3 Bc5 15.Bxc5 Qxc5+
16.Kh1 Kh8 17.Qh4 Ng8 18.Rad1 Be6 19.Bg4 Qb6 20.Nd5 Qc6 21.Nc3 Qb6 22.Nd5  1/2-1/2

[Event "OL-SW 9596"]
[Site "GER"]
[Date "1995.??.??"]
[Round "?"]
[White "Rosenberger, Frank"]
[Black "Bastian, Herbert"]
[Result "0-1"]
[WhiteElo "2275"]
[BlackElo "2335"]

1.e4 c5 2.Nf3 a6 3.Nc3 e6 4.d4 cxd4 5.Nxd4 Qc7 6.Be2 Nf6 7.O-O Be7 8.f4 d6
9.a4 Nc6 10.Be3 O-O 11.Kh1 Bd7 12.Nb3 b6 13.Bf3 Rab8 14.Qe2 Bc8 15.g4 Na5
16.Nd2 Re8 17.g5 Nd7 18.Bg2 Bb7 19.Rf3 Rbc8 20.Rh3 g6 21.Qf2 Nc4 22.Nxc4 Qxc4
23.Bxb6 Nxb6 24.Qxb6 Ba8 25.b3 Qc6 26.Qxc6 Rxc6 27.Rd1 Rec8 28.Rdd3 Bf8 29.f5 Rc5
30.fxe6 fxe6 31.Rhg3 Bg7 32.Nd1 Rxc2 33.Rxd6 Be5 34.Rxe6 Bxg3 35.hxg3 Bb7
36.Ne3 Re2 37.Nc4 Rd8 38.Re7 Bd5 39.Bf3 Re1+ 40.Kg2 Bxc4 41.bxc4 Rd2+ 42.Kh3 Rf2
43.Kg4 Ref1 44.Re8+ Kf7 45.Ra8 Rxf3 46.Rxa6 Re3 47.Ra7+ Ke6  0-1

[Event "BL2-N9495"]
[Site "Germany"]
[Date "1995.??.??"]
[Round "?"]
[White "Lisek, Juergen"]
[Black "Lagunow, Alexander"]
[Result "1-0"]
[WhiteElo "2280"]
[BlackElo "2405"]

1.e4 c5 2.Nf3 e6 3.Nc3 a6 4.d4 cxd4 5.Nxd4 Qc7 6.Bd3 Nf6 7.O-O b5 8.a3 Bb7
9.Qe2 Nc6 10.Be3 Ne5 11.f4 Neg4 12.e5 Nxe3 13.Qxe3 Ng4 14.Qg3 Bc5 15.Ne2 h5
16.h3 Nh6 17.Kh1 O-O-O 18.b4 h4 19.Qe1 Bb6 20.c4 bxc4 21.Bxc4 Kb8 22.Rc1 Bxd4
23.Nxd4 Qb6 24.Qf2 d6 25.b5 Rc8 26.bxa6 Rxc4 27.Rxc4 Qxa6 28.Rb4 Rd8 29.Rfb1 Rd7
30.exd6 Qxd6 31.Qb2 Qd5 32.Rb6 Kc8 33.Nf3 Nf5 34.Qb4 Nd6 35.Qc3+ Kd8 36.Qxg7 Qf5
37.Qc3 Qxf4 38.Qh8+ Kc7 39.Qxh4 Qf5 40.Qb4  1-0

[Event "BL2-O9495"]
[Site "Germany"]
[Date "1995.??.??"]
[Round "?"]
[White "Proehl, Holger"]
[Black "Forintos, Gyozo V"]
[Result "1-0"]
[WhiteElo "2285"]
[BlackElo "2450"]

1.e4 c5 2.Nf3 e6 3.d4 cxd4 4.Nxd4 a6 5.Nc3 Qc7 6.Be2 b5 7.a3 Bb7 8.O-O Nf6
9.Qd3 b4 10.axb4 Bxb4 11.Bf3 d6 12.Bd2 Bc5 13.b4 Bxd4 14.Qxd4 Nc6 15.Qc4 Qe7
16.Bf4 Nd7 17.Be2 O-O 18.Rfd1 Nde5 19.Qb3 Rfd8 20.Na4 Rab8 21.c4 Qh4 22.Bxe5 dxe5
23.Rxd8+ Rxd8 24.Bd3 Nd4 25.Qb1 Qg4 26.Nc5 Ba8 27.h3 Qg5 28.Rxa6 Qe7 29.Qa1 Bc6
30.Qa5 Rf8 31.Qa3 f5 32.b5 Be8 33.exf5 exf5 34.Nb3 Qxa3 35.Rxa3 Ne6 36.c5 Nf4
37.Bc4+ Bf7 38.Bxf7+ Kxf7 39.Ra7+ Ke6 40.b6 Rb8 41.Rxg7 h5 42.g3 Kf6 43.Ra7 Nd5
44.Na5 Nb4 45.Rh7 Na6 46.Rb7 Rc8 47.c6 Nb4 48.Rc7 Rd8 49.b7 Na6 50.Rc8 Rd1+
51.Kg2 Rb1 52.c7  1-0

[Event "Bundesliga 9495"]
[Site "Germany"]
[Date "1995.??.??"]
[Round "?"]
[White "Himmel, Hansjoerg"]
[Black "Bischoff, Klaus"]
[Result "0-1"]
[WhiteElo "2355"]
[BlackElo "2525"]

1.e4 c5 2.Nf3 e6 3.d4 cxd4 4.Nxd4 a6 5.Nc3 Qc7 6.g3 Bb4 7.Ne2 Nf6 8.Bg2 Be7
9.O-O Nc6 10.b3 O-O 11.Bb2 Rd8 12.h3 d6 13.a3 b5 14.g4 Bb7 15.Ng3 Rac8 16.g5 Nd7
17.f4 Bf8 18.f5 Nce5 19.Qe2 Re8 20.Qd2 Nb6 21.Qf4 Nbd7 22.Rac1 Qc5+ 23.Kh1 Qa7
24.Rf2 Ba8 25.Rcf1 Qb8 26.Nd1 exf5 27.Nxf5 g6 28.Nh6+ Bxh6 29.gxh6 Re6 30.Qg5 Rce8
31.Ne3 Qd8 32.Qg3 Nf6 33.Nd5 Nh5 34.Qc3 Qh4 35.Rxf7 Ng3+ 36.Kg1 Ne2+  0-1

[Event "BL2-W9495"]
[Site "Germany"]
[Date "1995.??.??"]
[Round "?"]
[White "Mueller, HG."]
[Black "Konikowski, Jerzy"]
[Result "0-1"]
[WhiteElo "2280"]
[BlackElo "2335"]

1.e4 c5 2.Nf3 e6 3.Nc3 a6 4.d4 cxd4 5.Nxd4 Qc7 6.Bd3 Nf6 7.Qe2 d6 8.f4 Be7
9.Nf3 Nc6 10.Bd2 Bd7 11.e5 dxe5 12.Nxe5 O-O 13.O-O-O Be8 14.g4 Nb4 15.g5 Nxd3+
16.Nxd3 Nd5 17.Nxd5 exd5 18.Bc3 Bd6 19.f5 Bc6 20.Bd4 Rfe8 21.Qf2 Re4 22.Bb6 Qd7
23.Bc5 Rae8 24.Bxd6 Qxd6 25.Qg3 Qxg3 26.hxg3 Rg4 27.Rh5 Rxg3 28.Nf4 Re5 29.c4 dxc4
30.f6 g6 31.Rd8+ Re8 32.Rxe8+ Bxe8 33.Rh2 Rxg5 34.Rd2 h5 35.Rd8 Re5 36.Nd5 Kh7
37.Ne7 Re6 38.Rxe8 Rxf6 39.Nd5 Rf2 40.Re4 g5 41.Rxc4 h4 42.Ne3 h3 43.Ng4 Rg2  0-1

[Event "BL9596 (Women)"]
[Site "Germany"]
[Date "1995.??.??"]
[Round "?"]
[White "Borulia, Ekaterina"]
[Black "Jahn, Constanze"]
[Result "1-0"]
[WhiteElo "2370"]
[BlackElo "2225"]

1.e4 c5 2.Nf3 e6 3.d4 cxd4 4.Nxd4 a6 5.Nc3 Qc7 6.Be2 b5 7.O-O Bb7 8.Bf3 Nc6
9.a4 b4 10.Nxc6 dxc6 11.Ne2 Bd6 12.Ng3 Rd8 13.Qe2 Be5 14.Qc4 c5 15.c3 Qa5
16.Bh5 g6 17.f4 Bg7 18.f5 Nf6 19.fxe6 Nxh5 20.Nxh5 gxh5 21.e7 Rd5 22.exd5 bxc3
23.d6 Bd4+ 24.Kh1 Kd7 25.Qxf7 Re8 26.Qxe8+  1-0

[Event "BL9596 (Women)"]
[Site "Germany"]
[Date "1995.??.??"]
[Round "?"]
[White "Nobis, Martina"]
[Black "Glaser, Andrea"]
[Result "1-0"]
[WhiteElo "2005"]
[BlackElo "2015"]

1.e4 c5 2.Nf3 e6 3.d4 cxd4 4.Nxd4 a6 5.Nc3 Qc7 6.a3 Nf6 7.Be2 Be7 8.O-O O-O
9.Be3 b5 10.f4 d6 11.Bf3 Bb7 12.Qe1 Nc6 13.Rd1 Rfd8 14.Kh1 Rac8 15.Qg3 Ne8
16.Bg4 Nxd4 17.Bxd4 Nf6 18.Bh3 g6 19.Qe3 Nd7 20.Qf2 Nc5 21.Rde1 f5 22.exf5 exf5
23.Bxf5 gxf5 24.Qg3+ Kf7 25.Qg7+ Ke8 26.Bxc5 dxc5 27.Qg8+ Kd7 28.Qxh7 Be4
29.Nxe4 fxe4 30.Rxe4 Re8 31.Rfe1 Qd6 32.f5 c4 33.Re6 Qc5 34.f6  1-0

[Event "BL9596 (Women)"]
[Site "Germany"]
[Date "1995.??.??"]
[Round "?"]
[White "Schaefer, Anke"]
[Black "Jahn, Constanze"]
[Result "1/2-1/2"]
[WhiteElo "2155"]
[BlackElo "2225"]

1.e4 c5 2.Nf3 e6 3.d4 cxd4 4.Nxd4 a6 5.Nc3 Qc7 6.g3 Nf6 7.Bg2 Nc6 8.Nb3 Be7
9.a4 b6 10.O-O d6 11.f4 Bb7 12.Kh1 O-O 13.g4 d5 14.e5 Nd7 15.Be3 Nc5 16.Nd4 Na5
17.Qe1 Ne4 18.Nxe4 dxe4 19.Bg1 Bc5 20.c3 Rfd8 21.b4 Bxd4 22.Bxd4 Nb3 23.Rd1 Nxd4
24.cxd4 e3 25.Qxe3 Bxg2+ 26.Kxg2 Qc6+ 27.Kg1 Qxa4 28.f5 Qxb4 29.f6 Qf8 30.Rf3 b5
31.Rh3 b4 32.Rh5 g6 33.Rh6 Kh8 34.Qh3 Qg8 35.Qb3 a5 36.Rd3 Rac8 37.Rdh3 Rc3
38.Rxc3 bxc3 39.Qxc3 Qf8 40.Qh3 Qg8 41.Qc3 a4 42.g5 Ra8 43.Qa3  1/2-1/2

[Event "BL9596 (Women)"]
[Site "Germany"]
[Date "1995.??.??"]
[Round "?"]
[White "Wolf, Sylvia"]
[Black "Steinbacher, Claudia"]
[Result "1-0"]
[WhiteElo "2055"]
[BlackElo "2030"]

1.e4 c5 2.Nf3 e6 3.d4 cxd4 4.Nxd4 a6 5.Nc3 Qc7 6.g3 Ne7 7.Bg2 Nbc6 8.O-O Nxd4
9.Qxd4 Nc6 10.Qd1 Be7 11.f4 d6 12.Be3 Rb8 13.a4 O-O 14.g4 Rd8 15.g5 b6 16.f5 f6
17.g6 h6 18.fxe6 Bxe6 19.Nd5 Bxd5 20.Qxd5+ Kh8 21.Bxh6 Ne5 22.Be3 Qc4 23.Qd1 Kg8
24.Qh5 Kf8 25.Rf4 Ke8 26.Bf1 Qc8 27.Bh3 Qc6 28.Raf1 Rb7 29.Be6 Qc7 30.Bd5 Rbb8
31.c4 b5 32.cxb5 axb5 33.Rc1 Qa5 34.Qh8+ Bf8 35.Qg8 Rd7 36.Qe6+ Re7 37.Qxd6 Rd8
38.Bc6+ Nxc6 39.Qxc6+ Red7 40.axb5 Bd6 41.Rh4 Ke7 42.Qc4  1-0

[Event "NRW-Liga I 9495"]
[Site "Germany"]
[Date "1995.??.??"]
[Round "?"]
[White "Pinkas, Karol"]
[Black "Matthias, Heiner"]
[Result "1/2-1/2"]
[WhiteElo "2335"]
[BlackElo "2300"]

1.e4 c5 2.Nf3 e6 3.d4 cxd4 4.Nxd4 a6 5.Nc3 d6 6.Be2 Nf6 7.O-O Be7 8.f4 Nc6
9.Be3 Bd7 10.a4 O-O 11.Kh1 Nxd4 12.Qxd4 Bc6 13.Bf3 Qc7 14.Qd3 b6 15.Bd4 Nd7
16.Qc4 Rfc8 17.f5 e5 18.Be3 Qb7 19.Bh5 Rf8 20.b4 Nf6 21.b5 axb5 22.axb5 Rxa1
23.Rxa1 Bxe4 24.Nxe4 Qxe4 25.Qxe4 Nxe4 26.Ra7 Bd8 27.Rd7 g6 28.fxg6 hxg6
29.Bf3 d5 30.Rxd5 Nc3 31.Rd7 e4 32.Bg4 Nxb5 33.Be2 Na3 34.c3 Kg7 35.Bc1 Nb1
36.Bc4 Bf6 37.g4 Nxc3 38.Ba3 Rc8 39.Bxf7 Kh6 40.Rd6 Kg7 41.Be6 Rd8 42.Rxb6 Rd1+
43.Kg2 Rd2+ 44.Kh3 Rd3+ 45.Kg2 Rd2+ 46.Kh3  1/2-1/2

[Event "BL9495 (Women)"]
[Site "Germany"]
[Date "1995.??.??"]
[Round "202"]
[White "Gempe, Anet"]
[Black "Beltz, Martina"]
[Result "1/2-1/2"]
[WhiteElo "2115"]
[BlackElo "2195"]

1.e4 c5 2.Nf3 e6 3.d4 cxd4 4.Nxd4 a6 5.Nc3 Qc7 6.Be3 b5 7.Bd3 Bb7 8.Qd2 Nf6
9.f3 Nc6 10.g4 d6 11.g5 Nd7 12.O-O-O Nce5 13.Kb1 Be7 14.f4 Nc4 15.Bxc4 Qxc4
16.Qd3 Nc5 17.b3 Qb4 18.Qd2 Rc8 19.Kb2 Qa5 20.a3 Qc7 21.f5 Nxe4 22.Nxe4 Bxe4
23.fxe6 O-O 24.exf7+ Rxf7 25.Rhf1 d5 26.Rxf7 Kxf7 27.Rf1+ Kg8 28.Rf2 Qd6
29.b4  1/2-1/2

[Event "BL9495 (Women)"]
[Site "Germany"]
[Date "1995.??.??"]
[Round "202"]
[White "Gempe, Anet"]
[Black "Broeder, Iris"]
[Result "0-1"]
[WhiteElo "2115"]
[BlackElo "2210"]

1.e4 c5 2.Nf3 e6 3.d4 cxd4 4.Nxd4 a6 5.Nc3 Qc7 6.Bd3 b5 7.O-O Bb7 8.Qe2 Nc6
9.Nxc6 Bxc6 10.e5 d5 11.exd6 Bxd6 12.f4 Nf6 13.Ne4 Nxe4 14.Bxe4 O-O 15.Rf3 Bc5+
16.Kh1 Bxe4 17.Qxe4 Rad8 18.Be3 Bxe3 19.Rxe3 Rd2 20.Re2 Rxe2 21.Qxe2 Qxf4
22.a4 h6 23.axb5 axb5 24.Qxb5 Rb8 25.Qd3 Rxb2 26.Ra8+ Rb8 27.Rxb8+ Qxb8 28.c4 Qb6
29.h3 Qc5 30.Qe4 g6 31.Qa8+ Kg7 32.Qa4 Kf6 33.Qa1+ Ke7 34.Qa6 h5 35.Qb7+ Kf6
36.Qf3+ Qf5 37.Qc3+ e5 38.c5 Qf1+ 39.Kh2 Qf4+ 40.Kh1 Qf1+ 41.Kh2 Qf4+ 42.Kh1 Ke7
43.Qa5 e4 44.Qa7+ Kd8 45.Qb6+ Qc7 46.Qf6+ Qe7 47.Qb6+ Qc7 48.Qf6+ Kc8 49.Qh8+ Kb7
50.Qd4 f5 51.Qd5+ Qc6 52.Qf7+ Ka6 53.Qc4+ Ka5 54.h4 f4 55.Qf7 e3 56.Qxf4 Qxc5
57.Kh2 Qc3 58.Qf1 Qd2 59.Kg3 e2 60.Qa1+ Kb4 61.Qb1+ Kc5 62.Kf2 e1=Q+  0-1

[Event "BL2-W9495"]
[Site "Germany"]
[Date "1995.??.??"]
[Round "?"]
[White "Mueller, HG."]
[Black "Kistella, Roman"]
[Result "1/2-1/2"]
[WhiteElo "2280"]
[BlackElo "2310"]

1.e4 c5 2.Nf3 e6 3.Nc3 a6 4.d4 cxd4 5.Nxd4 d6 6.Be3 Nf6 7.f4 b5 8.a3 Bb7
9.Bd3 Nbd7 10.Qf3 Be7 11.O-O-O Rc8 12.Kb1 Rxc3 13.bxc3 Qc7 14.Bc1 Nc5 15.Rde1 O-O
16.Re3 Rc8 17.Rhe1 Na4 18.Ne2 Nd7 19.Qh3 Ndc5 20.Rd1 Nxd3 21.Rdxd3 Nc5 22.Rd4 e5
23.fxe5 dxe5 24.Rd1 Bg5 25.Qg4 Bxe3 26.Bxe3 Nxe4 27.Bh6 f5 28.Qxf5 Nf6 29.Rd3 Be4
30.Qe6+ Kh8 31.Rg3 Bg6 32.Rf3 Re8 33.Bxg7+ Qxg7 34.Qxf6 Qxf6 35.Rxf6 Rd8
36.Kc1 Bh5 37.Ng3 Rd1+ 38.Kb2 Bg6 39.Nf5 Kg8 40.g4 Rd2 41.h3 a5 42.h4 Bxf5
43.Rxf5 Rd5 44.Kb3 Rc5 45.h5 h6 46.Rf6 Kg7 47.Ra6 Kf7 48.Rxa5 e4 49.Kb2 e3
50.Kc1 Rd5 51.Ra7+ Ke8 52.Ra8+  1/2-1/2

[Event "BL2-W9495"]
[Site "Germany"]
[Date "1995.??.??"]
[Round "?"]
[White "Florath, Patrick"]
[Black "Meyer, Peter"]
[Result "1/2-1/2"]
[WhiteElo "2235"]
[BlackElo "2335"]

1.e4 c5 2.Nf3 e6 3.d4 cxd4 4.Nxd4 a6 5.Nc3 Nc6 6.Be2 Qc7 7.O-O Nf6 8.a3 b5
9.Nxc6 dxc6 10.f4 Bb7 11.Kh1 Be7 12.e5 Nd5 13.Ne4 c5 14.c4 bxc4 15.Bxc4 Nb6
16.Bd3 Rd8 17.Qe2 Qc6 18.Bc2 O-O 19.Be3 Nd5 20.Bg1 f5 21.exf6 gxf6 22.Rae1 f5
23.Nc3 Nxc3 24.bxc3 Rf6 25.Rf3 Rg6 26.Rg3 Kh8 27.Rxg6 hxg6 28.Qe5+ Kh7 29.Re2 Qd5
30.Qxe6 Bd6 31.h3 Kg7 32.Qxd5 Bxd5 33.Be3 Kf6 34.Bc1 c4 35.a4 Rh8 36.Kg1 Rh4
37.Kf2 Bxf4 38.g3 Bxc1 39.gxh4 Bb2 40.Re3 f4 41.Re8 Bxc3 42.Be4  1/2-1/2

[Event "Oberliga Ost C9495"]
[Site "Germany"]
[Date "1995.??.??"]
[Round "?"]
[White "Chandler, Patrick"]
[Black "Henrich, Thomas"]
[Result "1-0"]
[WhiteElo "2145"]
[BlackElo "2325"]

1.e4 c5 2.Nc3 e6 3.Nge2 a6 4.d4 cxd4 5.Nxd4 d6 6.f4 Qc7 7.Qf3 Nc6 8.Be3 Nf6
9.Nxc6 bxc6 10.Bd3 Rb8 11.b3 d5 12.O-O Qa5 13.Na4 Be7 14.e5 Nd7 15.f5 Nc5
16.Nxc5 Bxc5 17.Kh1 Bxe3 18.Qxe3 exf5 19.e6 f6 20.Bxf5 Rb7 21.Qh3 Qc7 22.Rae1 Qe7
23.c4 dxc4 24.bxc4 Kf8 25.Rd1 Kg8 26.Rf3 g6 27.Qh6 Qf8 28.Qxf8+ Kxf8 29.Be4 Bxe6
30.Bxc6 Rb6 31.Bd5 Bxd5 32.cxd5 Rd6 33.Rc3 Kg7 34.Rc7+ Kh6 35.h4 g5 36.Rd4 Rhd8
37.hxg5+ fxg5 38.Ra4 Rxd5 39.Rxa6+ R8d6 40.Raa7 Kh5 41.Rxh7+ Kg4 42.Kh2 Rd4
43.Ra5 Rd7 44.Rh3 R7d5 45.Rxd5 Rxd5 46.a4 Ra5 47.Ra3 Kf4 48.g3+ Kf5 49.Kg2 Kg4
50.Ra2 Kf5 51.Kf3 Ke5 52.Kg4 Kf6 53.Kh5 Kf5 54.Rf2+ Ke6 55.g4 Ke7 56.Rf5 Rxa4
57.Kxg5 Ra8 58.Kh6 Ra4 59.g5 Ra1 60.g6 Rh1+ 61.Kg7 Re1 62.Rf2 Re3 63.Kg8 Rg3
64.g7 Rh3 65.Re2+ Kd7 66.Re4  1-0

[Event "NRW-Liga I 9495"]
[Site "Germany"]
[Date "1995.??.??"]
[Round "?"]
[White "Dueball, Juergen"]
[Black "Matthias, Heiner"]
[Result "1-0"]
[WhiteElo "2390"]
[BlackElo "2300"]

1.e4 c5 2.Nf3 e6 3.d4 cxd4 4.Nxd4 a6 5.Nc3 d6 6.Bd3 Nf6 7.O-O Be7 8.Be3 Qc7
9.f4 Nbd7 10.Qf3 b5 11.a3 Bb7 12.Rae1 Nc5 13.Bf2 O-O 14.Qh3 Rfe8 15.Kh1 d5
16.e5 Nfe4 17.Bh4 Bf8 18.Nce2 Rac8 19.b4 Na4 20.Rf3 Nb2 21.Qg4 g6 22.Bxe4 dxe4
23.Rh3 h5 24.Bf6 Bg7 25.Rxh5 Nd3 26.cxd3 exd3 27.Qh4  1-0

[Event "GER-ch U20 qual1 Girls"]
[Site "Germany"]
[Date "1995.??.??"]
[Round "1"]
[White "Heymann, Ulrike"]
[Black "Meissner, Claudia"]
[Result "1-0"]
[WhiteElo "2105"]
[BlackElo "2095"]

1.e4 c5 2.Nf3 e6 3.d4 cxd4 4.Nxd4 a6 5.Nc3 Qc7 6.Bd3 Nc6 7.Nxc6 bxc6 8.O-O Nf6
9.Qe2 d5 10.Bg5 Bb7 11.Rae1 Be7 12.f4 h6 13.Bxf6 Bxf6 14.e5 Bh4 15.Rb1 h5
16.f5 O-O-O 17.Kh1 d4 18.Na4 Rd5 19.Bxa6 Rxe5 20.Bxb7+ Kxb7 21.Qc4 Rd5 22.fxe6 fxe6
23.b4 Qe7 24.Nc5+ Kc7 25.Qa6 Rb8 26.Rf7 Rxc5 27.Rxe7+ Bxe7 28.Qa7+ Rb7 29.Qxb7+ Kxb7
30.bxc5+ Kc7 31.Re1 Kd7 32.g3 h4 33.Kg2 hxg3 34.Kxg3 Bxc5 35.Kf3 Kd6 36.Ke4 Ke7
37.Rb1 Bd6 38.h3 e5 39.Rb7+ Kf6 40.a4 c5 41.a5 c4 42.a6 d3 43.cxd3 c3 44.Rb6 Ke7
45.a7 Bc5 46.Rb7+  1-0

[Event "Wch U18"]
[Site "Guarapuava"]
[Date "1995.??.??"]
[Round "4"]
[White "Krstevski, Sasko"]
[Black "Peralta, Fernando"]
[Result "1-0"]
[WhiteElo "2220"]
[BlackElo "2330"]

1.e4 c5 2.Nf3 e6 3.d4 cxd4 4.Nxd4 a6 5.Nc3 Qc7 6.a3 Nf6 7.Be3 b5 8.f4 b4
9.axb4 Bxb4 10.Nb5 Qc6 11.Qd4 O-O 12.Qxb4 axb5 13.Rxa8 Qxa8 14.Bxb5 Bb7 15.Bd3 d5
16.e5 Nc6 17.Qa3 d4 18.exf6 gxf6 19.Qxa8 Rxa8 20.Bxd4 Ra1+ 21.Nd1 Nxd4 22.O-O Ba6
23.Nc3 Ra5 24.b4 Ra3 25.b5 Bb7 26.Nd1 Ra2 27.Ne3 Rb2 28.c4 h5 29.Rb1 Rd2
30.Bf1 Be4 31.Rd1 Ne2+ 32.Kf2 Rxd1 33.Nxd1 Nxf4 34.Nc3 Ba8 35.Na4 Kf8 36.Nc5  1-0

[Event "Wch U16 Girls"]
[Site "Guarapuava"]
[Date "1995.??.??"]
[Round "11"]
[White "Blimke, Dalia"]
[Black "Kiss, Fernanda"]
[Result "1/2-1/2"]
[WhiteElo "2090"]
[BlackElo "2130"]

1.e4 c5 2.Nf3 e6 3.d4 cxd4 4.Nxd4 a6 5.Nc3 Qc7 6.Bd3 Nc6 7.Be3 Nf6 8.O-O Bd6
9.Nxc6 bxc6 10.f4 e5 11.f5 Bb4 12.Na4 d5 13.Nb6 Rb8 14.Nxc8 Qxc8 15.Qf3 Be7
16.Rab1 O-O 17.a3 Rd8 18.Rfe1 dxe4 19.Bxe4 Nxe4 20.Qxe4 f6 21.Rf1 Rb5 22.h3 Qd7
23.Qf3 Qd5 24.Qe2 Qe4 25.Qf2 Qxe3 26.Qxe3 Bc5 27.Qxc5 Rxc5 28.Rf2 Rd4 29.c3 Rd3
30.Re1 Rc4 31.Ree2 Kf7 32.Rd2 Rd5 33.Rxd5 cxd5 34.Rd2 Rc5 35.Rd3 a5 36.b4 axb4
37.cxb4 Rc1+ 38.Kf2 d4 39.Rb3 Ke7 40.b5 Kd7 41.a4 Kc7 42.b6+ Kb7 43.Rb4 Rc3
44.a5 Ra3 45.Rb5 h5 46.Rd5 Kc6 47.Rb5 Kb7 48.Rd5 Kc8 49.Rc5+ Kb8 50.Rd5 Kc8
51.Rc5+ Kb8  1/2-1/2

[Event "Gyongyos op "]
[Site "Gyongyos"]
[Date "1995.??.??"]
[Round "?"]
[White "Fleger, Herbert"]
[Black "Sziebert, Adam"]
[Result "0-1"]
[WhiteElo "2250"]
[BlackElo "2390"]

1.e4 c5 2.Nc3 e6 3.Nf3 a6 4.d4 cxd4 5.Nxd4 Qc7 6.Bd3 Nf6 7.f4 d6 8.Qf3 b5
9.a3 Bb7 10.Be3 Nbd7 11.O-O Be7 12.Rae1 O-O 13.Nde2 Rac8 14.Qh3 e5 15.Ng3 Nc5
16.Nf5 Ncxe4 17.Nxe4 Bxe4 18.Bxe4 Nxe4 19.Qg4 g6 20.fxe5 d5 21.Bd4 Bc5 22.e6 f6
23.c3 Kh8 24.Nh4 Bxd4+ 25.cxd4 f5 26.Qh3 Rf6 27.g4 Qb6 28.gxf5 Qxd4+ 29.Qe3 Qxe3+
30.Rxe3 gxf5 31.Nxf5 Rxe6 32.Ng3 Rg6 33.Kh1 Rc2 34.Nxe4 dxe4 35.b4 Rgg2 36.Rh3 e3
37.Rf7 e2 38.Rfxh7+ Kg8 39.Rh8+ Kg7 40.R8h7+ Kg8 41.Rh8+ Kf7 42.Rf3+ Kg7
43.Re8 Rg4 44.Re7+ Kg6 45.Re6+ Kg5 46.h4+ Rxh4+ 47.Kg1 Rg4+ 48.Kf2  0-1

[Event "Wch U20"]
[Site "Halle"]
[Date "1995.??.??"]
[Round "2"]
[White "Iordachescu, Viorel"]
[Black "Solak, Dragan"]
[Result "1/2-1/2"]
[WhiteElo "2435"]
[BlackElo "2240"]

1.e4 c5 2.Nf3 e6 3.d4 cxd4 4.Nxd4 a6 5.Nc3 Qc7 6.Bd3 Nc6 7.Nxc6 dxc6 8.O-O e5
9.f4 Nf6 10.Kh1 Bc5 11.Qf3 Ng4 12.Bc4 Qe7 13.Qg3 h5 14.f5 Bd7 15.Bd2 O-O-O
16.Bd3 g6 17.f6 Qd6 18.h3 Ba7 19.Bg5 Qc5 20.Rae1 Nf2+ 21.Kh2 Ng4+ 22.Kh1 Nf2+
23.Kh2 Ng4+ 24.Kh1 Nf2+  1/2-1/2

[Event "Wch U20 Girls"]
[Site "Halle"]
[Date "1995.??.??"]
[Round "2"]
[White "Segal, Anna"]
[Black "Djingarova, Emilia"]
[Result "0-1"]
[WhiteElo "2335"]
[BlackElo "2090"]

1.e4 c5 2.Nf3 e6 3.Nc3 a6 4.d4 cxd4 5.Nxd4 Qc7 6.Be2 Nf6 7.a3 Be7 8.Be3 d6
9.g4 Nc6 10.g5 Nd7 11.Qd2 b5 12.O-O-O Na5 13.f4 Bb7 14.Kb1 Nc4 15.Bxc4 Qxc4
16.f5 e5 17.Nb3 a5 18.Nd5 Bd8 19.f6 g6 20.Qg2 Rc8 21.h4 a4 22.Nc1 b4 23.Rd3 bxa3
24.Rxa3 Bxd5 25.exd5 Ba5 26.h5 Rf8 27.hxg6 hxg6 28.Nd3 Rb8 29.Bc1 Bc3 30.Rh7 Nc5
31.Nxc5 Qxc5 32.Rxa4 Bxb2 33.Bxb2 Qc3  0-1

[Event "Wch U20"]
[Site "Halle"]
[Date "1995.??.??"]
[Round "8"]
[White "Istratescu, Andrei"]
[Black "Spangenberg, Hugo"]
[Result "1/2-1/2"]
[WhiteElo "2505"]
[BlackElo "2490"]

1.e4 c5 2.Nf3 e6 3.d4 cxd4 4.Nxd4 a6 5.Nc3 Qc7 6.Bd3 g6 7.O-O Bg7 8.Nf3 Nc6
9.Re1 Nf6 10.h3 d6 11.Be3  1/2-1/2

[Event "Wch U20 Girls"]
[Site "Halle"]
[Date "1995.??.??"]
[Round "11"]
[White "Weng, Annegret"]
[Black "Glaser, Andrea"]
[Result "1-0"]
[WhiteElo "2115"]
[BlackElo "2015"]

1.e4 c5 2.Nf3 e6 3.d4 cxd4 4.Nxd4 a6 5.Nc3 Qc7 6.Bd3 Nf6 7.f4 d6 8.Qf3 Be7
9.g4 h6 10.h4 Nc6 11.Nde2 Nd7 12.Be3 b5 13.a3 Bb7 14.Qf2 Na5 15.b3 Bf6 16.Bd2 Nc5
17.Rb1 Nc6 18.b4 Nd7 19.O-O Nb6 20.Be3 Nd7 21.g5 Bxc3 22.Nxc3 hxg5 23.hxg5 O-O-O
24.a4 Nxb4 25.Rxb4 Qxc3 26.Rb3 Qc7 27.axb5 axb5 28.Bd4 Bc6 29.Ra1 e5 30.Ra7 exd4
31.Rxc7+ Kxc7 32.Qxd4 Nc5 33.Ra3 Rh4 34.Qxg7 Rdh8 35.Qxf7+ Bd7 36.f5 R8h7
37.Qa2 Rh1+ 38.Kf2 Nxd3+ 39.Rxd3 R7h2+ 40.Ke3 Re1+ 41.Kd4 Kb6 42.g6 Bc6 43.g7 Rxe4+
44.Kc3 Rc4+ 45.Qxc4 bxc4 46.g8=Q cxd3 47.Qg1+  1-0

[Event "Wch U20"]
[Site "Halle"]
[Date "1995.??.??"]
[Round "13"]
[White "Vydeslaver, Alik"]
[Black "Spangenberg, Hugo"]
[Result "1/2-1/2"]
[WhiteElo "2445"]
[BlackElo "2490"]

1.e4 c5 2.Nf3 e6 3.Nc3 a6 4.d4 cxd4 5.Nxd4 Qc7 6.Be2 b5 7.a3 Bb7 8.f3 Nf6
9.Bg5 Be7 10.Qd2 d6 11.O-O-O O-O 12.g4 Nbd7 13.Bxf6 Nxf6 14.g5 Nh5 15.Rhg1 g6
16.f4 Nxf4 17.Qxf4 e5 18.Ndxb5 axb5 19.Qe3 Rfc8 20.Rg3 d5 21.exd5 b4 22.axb4 Bxb4
23.Qe4 Qc5 24.Nb1 Ra4 25.c4 Ba6 26.Nc3 Bxc4 27.Qxc4 Qxc4 28.Bxc4 Rxc4 29.Kc2 Ra7
30.Kb3 Rh4 31.d6 Rd7 32.Rgd3 Bc5 33.Rd5 Rb4+ 34.Kc2 Bd4 35.b3 Kg7 36.Ne2 Ba7
37.Rxe5 Bb8 38.Re7 Rxe7 39.dxe7 Re4 40.Nc3 Rxe7 41.h4 h5 42.Rd8 Bc7 43.Rc8 Be5
44.b4 Rb7 45.Kb3 f6 46.gxf6+ Kxf6 47.Rc4 g5  1/2-1/2